000 00452nam a22001697a 4500
003 UA-OsUOA
001 18512
007 ta
008 20040523b un ||||| |||| 00| 0 ukr d
942 _cSA
040 _aUA-OsUOA
_cUA-OsUOA
_dUA-OsUOA
245 _aХроніка Острозької парафії
_b[Рік 1620]
300 _aС.44-45
955 _a0
773 0 _w0
_tВолання з Волині
_dОстріг
_d2004
_g№2
650 7 _a1620
_2UDC
999 _c304683
_d304683